[Event "Sant Adria de Besos op 13th"]
[Site "Sant Adria de Besos"]
[Date "2017.04.23"]
[Round "1"]
[White "Cruz, Jefferson"]
[Black "Guerra Blanco, Antonio"]
[Result "1-0"]
[WhiteElo "2109"]
[BlackElo "1833"]
[PlyCount "87"]
[EventDate "2017.04.23"]
[EventType "swiss"]
[EventRounds "9"]
[EventCountry "ESP"]
[SourceTitle "EXT 2018"]
[Source "ChessBase"]
[SourceDate "2017.10.13"]
[SourceVersion "1"]
[SourceVersionDate "2017.10.13"]
[SourceQuality "1"]

1. e4 b6 2. d4 Bb7 3. Bd3 e6 4. Nf3 h6 5. 0-0 Ne7 6. Re1 Ng6 7. d5 Be7 8. c4 0-0 9. Nc3 e5 10. a3 a5 11. g3 d6 12. h4 Bc8 13. Nd2 Nd7 14. Bf1 Nf6 15. Bg2 Ng4 16. f3 Nf6 17. Nf1 Nh5 18. Be3 Bd7 19. Bf2 Nf6 20. Ne3 Qc8 21. b4 axb4 22. axb4 Rxa1 23. Qxa1 Ne8 24. Qa7 f5 25. exf5 Bxf5 26. Nxf5 Qxf5 27. Ne4 Bd8 28. c5 bxc5 29. bxc5 Nf6 30. cxd6 Nxe4 31. fxe4 Qf7 32. Bh3 Kh8 33. h5 Nf4 34. gxf4 Qxh5 35. dxc7 Qxh3 36. cxd8Q Qg4+ 37. Kf1 Qh3+ 38. Ke2 Qg4+ 39. Kd2 Rxd8 40. f5 Rc8 41. Rg1 Qf4+ 42. Qe3 Qh2 43. Qg3 Qxg3 44. Bxg3 1-0